Sabrina Carpenter - Slim Pickins - Statistics

General Stats
  • This quiz has been taken 90 times
  • The average score is 190 of 223
Answer Stats
Answer % Correct
a
100%
A
100%
I
100%
slim
100%
the
100%
The
100%
my
98%
to
98%
and
96%
And
96%
are
96%
are"
96%
be
96%
Guess
96%
guess
96%
in
96%
just
96%
Just
96%
this
96%
This
96%
do?
94%
it's
94%
It's
94%
on
94%
that
94%
Can't
92%
can't
92%
I'll
92%
life
92%
you
92%
All
91%
all
91%
alone
91%
boy
91%
kissin'
91%
know
91%
"there"
91%
between
89%
girl
89%
he
89%
love
89%
one
89%
"they
89%
who's
89%
bitchin'
87%
difference
87%
doesn't
87%
get
87%
he's
87%
If
87%
me
87%
naked
87%
room
87%
what's
87%
am
85%
end
85%
even
85%
have
85%
not
85%
pickings
85%
find
83%
good
83%
moanin'
83%
Moanin'
83%
Oh
83%
ones
83%
"their"
83%
their
83%
I'm
81%
keep
81%
kind
81%
or
81%
Then
81%
his
79%
nice
79%
taken
79%
These
79%
forgot
77%
gay
77%
jacked
77%
Lord
77%
save
77%
some
77%
they're
77%
thoughts
77%
up
77%
dramatic
75%
phone
75%
right
75%
Servin'
75%
Since
75%
since
75%
awakenin'
74%
deceased
74%
Jesus
74%
kitchen
74%
like
72%
nowhere
72%
seen
72%
through
72%
ass
70%
douchebags
70%
fixings
70%
isn't
70%
large
70%
livin'
70%
pass
70%
God
68%
losin'
68%
Yet
68%
call
66%
exes
66%
here
66%
knows
66%
swear
66%
machine
64%
Missin'
64%
missin'
64%
things
64%
wasted
64%
winnin'
64%
Play
62%
breathes
60%
slot
60%
'em
53%
Ah
49%
ah
49%
No matching quizzes found
Score Distribution
Percent of People with Each Score
Percentile by Number Answered
Your Score History
You have not taken this quiz